[Event "DEM U10 2024"]
[Site "Willingen GER"]
[Date "2024.05.23"]
[Round "8"]
[White "Dintinger, Ata Lucien"]
[Black "Bentele, Otto"]
[Result "0-1"]
[Termination "normal"]
[Board "21"]
[WhiteElo "1096"]
[BlackElo "1538"]
[WhiteClock "00:30:55"]
[BlackClock "00:49:04"]
[PlyCount "72"]
[WhiteFideId "34654550"]
[BlackFideId "34653643"]
[EventCountry "GER"]
[EventRounds "11"]
[EventType "swiss"]
[EventDate "2024.05.18"]

1. e4 {[%clk 01:15:59]} e5 {[%clk 01:15:58]} {[%emt 00:00:02]} 2. Nc3 {[%clk
01:16:21]} {[%emt 00:00:09]} Nf6 {[%clk 01:16:20]} {[%emt 00:00:08]} 3. f4
{[%clk 01:16:45]} {[%emt 00:00:05]} d5 {[%clk 01:16:42]} {[%emt 00:00:09]} 4.
fxe5 {[%clk 01:17:09]} {[%emt 00:00:06]} Nxe4 {[%clk 01:16:51]} {[%emt
00:00:21]} 5. Nf3 {[%clk 01:17:30]} {[%emt 00:00:09]} Nc6 {[%clk 01:15:39]}
{[%emt 00:01:42]} 6. d3 {[%clk 01:17:26]} {[%emt 00:00:35]} Nxc3 {[%clk
01:15:28]} {[%emt 00:00:40]} 7. bxc3 {[%clk 01:17:45]} {[%emt 00:00:11]} Be7
{[%clk 01:14:46]} {[%emt 00:01:12]} 8. d4 {[%clk 01:15:59]} {[%emt 00:02:16]}
O-O {[%clk 01:12:53]} {[%emt 00:02:23]} 9. Bd3 {[%clk 01:16:13]} {[%emt
00:00:16]} Bg4 {[%clk 01:12:17]} {[%emt 00:01:05]} 10. Be2 {[%clk 01:13:45]}
{[%emt 00:02:59]} a6 {[%clk 01:09:00]} {[%emt 00:03:47]} 11. Bf4 {[%clk
01:13:45]} {[%emt 00:00:28]} Qd7 {[%clk 01:03:29]} {[%emt 00:06:03]} 12. Qd3
{[%clk 01:12:17]} {[%emt 00:01:58]} Bxf3 {[%clk 01:01:07]} {[%emt 00:02:50]}
13. Bxf3 {[%clk 01:11:58]} {[%emt 00:00:51]} f6 {[%clk 00:59:39]} {[%emt
00:01:59]} 14. h4 {[%clk 01:08:33]} {[%emt 00:03:54]} fxe5 {[%clk 00:59:14]}
{[%emt 00:00:55]} 15. Bxe5 {[%clk 01:08:18]} {[%emt 00:00:45]} Nxe5 {[%clk
00:59:14]} {[%emt 00:00:30]} 16. dxe5 {[%clk 01:08:23]} {[%emt 00:00:25]} c6
{[%clk 00:59:31]} {[%emt 00:00:13]} 17. g4 {[%clk 01:06:59]} {[%emt 00:01:53]}
Bc5 {[%clk 00:57:47]} {[%emt 00:02:14]} 18. c4 {[%clk 00:57:51]} {[%emt
00:09:39]} Qe7 {[%clk 00:55:25]} {[%emt 00:02:51]} 19. cxd5 {[%clk 00:56:45]}
{[%emt 00:01:36]} Qxe5+ {[%clk 00:55:25]} {[%emt 00:00:30]} 20. Kd2 {[%clk
00:56:23]} {[%emt 00:00:52]} Kh8 {[%clk 00:55:15]} {[%emt 00:00:40]} 21. dxc6
{[%clk 00:55:46]} {[%emt 00:01:08]} Rad8 {[%clk 00:55:23]} {[%emt 00:00:22]}
22. Rab1 {[%clk 00:47:53]} {[%emt 00:08:23]} Rxd3+ {[%clk 00:55:29]} {[%emt
00:00:23]} 23. cxd3 {[%clk 00:48:11]} {[%emt 00:00:12]} Qe3+ {[%clk 00:54:02]}
{[%emt 00:01:57]} 24. Kc2 {[%clk 00:47:49]} {[%emt 00:00:52]} bxc6 {[%clk
00:53:36]} {[%emt 00:00:56]} 25. Rhf1 {[%clk 00:45:15]} {[%emt 00:03:04]} h6
{[%clk 00:52:45]} {[%emt 00:01:22]} 26. Bxc6 {[%clk 00:45:17]} {[%emt
00:00:27]} Qe2+ {[%clk 00:52:49]} {[%emt 00:00:27]} 27. Kc3 {[%clk 00:44:49]}
{[%emt 00:00:58]} Rxf1 {[%clk 00:52:31]} {[%emt 00:00:48]} 28. Rb8+ {[%clk
00:44:18]} {[%emt 00:01:01]} Rf8 {[%clk 00:51:29]} {[%emt 00:01:32]} 29. Rb7
{[%clk 00:42:06]} {[%emt 00:02:42]} Rf2 {[%clk 00:48:38]} {[%emt 00:03:20]} 30.
Rb8+ {[%clk 00:39:54]} {[%emt 00:02:43]} Rf8 {[%clk 00:48:58]} {[%emt
00:00:10]} 31. Rb7 {[%clk 00:39:52]} {[%emt 00:00:32]} Qe5+ {[%clk 00:48:58]}
{[%emt 00:00:29]} 32. Kc4 {[%clk 00:39:10]} {[%emt 00:01:13]} Qd4+ {[%clk
00:48:04]} {[%emt 00:01:23]} 33. Kb3 {[%clk 00:39:03]} {[%emt 00:00:37]} Qxd3+
{[%clk 00:47:43]} {[%emt 00:00:51]} 34. Kb2 {[%clk 00:33:42]} {[%emt 00:05:52]}
Rf2+ {[%clk 00:47:25]} {[%emt 00:00:47]} 35. Ka1 {[%clk 00:30:48]} {[%emt
00:04:54]} Bd4+ {[%clk 00:49:22]} {[%emt 00:00:21]} 36. Rb2 {[%clk 00:30:55]}
{[%emt 00:00:22]} Rf1# {[%clk 00:49:04]} {[%emt 00:00:17]} 0-1

[Event "DEM U10 2024"]
[Site "Willingen GER"]
[Date "2024.05.23"]
[Round "8"]
[White "Katzenstein, Alexander"]
[Black "Seegebrecht, Johann"]
[Result "1-0"]
[Termination "normal"]
[Board "22"]
[WhiteElo "1275"]
[BlackElo "1421"]
[WhiteClock "00:56:58"]
[BlackClock "00:34:29"]
[PlyCount "39"]
[WhiteFideId "34696822"]
[BlackFideId "34655115"]
[EventCountry "GER"]
[EventRounds "11"]
[EventType "swiss"]
[EventDate "2024.05.18"]

1. d4 {[%clk 01:15:30]} {[%emt 19:05:26]} g6 {[%clk 01:15:52]} {[%emt
00:00:10]} 2. e4 {[%clk 01:16:18]} {[%emt 00:00:10]} Bg7 {[%clk 01:16:16]}
{[%emt 00:00:07]} 3. Nc3 {[%clk 01:16:41]} {[%emt 00:00:07]} d6 {[%clk
01:16:38]} {[%emt 00:00:08]} 4. f4 {[%clk 01:17:03]} {[%emt 00:00:07]} a6
{[%clk 01:16:52]} {[%emt 00:00:17]} 5. a4 {[%clk 01:15:25]} {[%emt 00:02:07]}
Nd7 {[%clk 01:17:12]} {[%emt 00:00:10]} 6. Nf3 {[%clk 01:15:40]} {[%emt
00:00:14]} b6 {[%clk 01:09:10]} {[%emt 00:08:35]} 7. b4 {[%clk 01:13:42]}
{[%emt 00:02:27]} Bb7 {[%clk 01:07:56]} {[%emt 00:01:43]} 8. Rb1 {[%clk
01:10:08]} {[%emt 00:04:03]} e5 {[%clk 01:01:26]} {[%emt 00:07:01]} 9. fxe5
{[%clk 01:08:20]} {[%emt 00:02:17]} dxe5 {[%clk 01:01:33]} {[%emt 00:00:24]}
10. Be3 {[%clk 01:07:41]} {[%emt 00:01:10]} Ne7 {[%clk 01:01:40]} {[%emt
00:00:22]} 11. Bc4 {[%clk 01:04:49]} {[%emt 00:03:22]} O-O {[%clk 00:58:34]}
{[%emt 00:03:36]} 12. Qd2 {[%clk 01:04:23]} {[%emt 00:00:53]} Re8 {[%clk
00:48:01]} {[%emt 00:11:05]} 13. Bh6 {[%clk 01:02:00]} {[%emt 00:02:51]} Nc6
{[%clk 00:44:56]} {[%emt 00:03:37]} 14. d5 {[%clk 01:00:50]} {[%emt 00:01:40]}
Nd4 {[%clk 00:43:18]} {[%emt 00:02:08]} 15. O-O {[%clk 01:00:09]} {[%emt
00:01:10]} Nxf3+ {[%clk 00:41:17]} {[%emt 00:02:32]} 16. Rxf3 {[%clk 00:59:28]}
{[%emt 00:01:11]} Qh4 {[%clk 00:40:55]} {[%emt 00:00:52]} 17. Rh3 {[%clk
00:57:50]} {[%emt 00:02:03]} Qf6 {[%clk 00:34:32]} {[%emt 00:06:57]} 18. Rf1
{[%clk 00:57:43]} {[%emt 00:00:39]} Qd6 {[%clk 00:34:13]} {[%emt 00:00:47]} 19.
Bxg7 {[%clk 00:56:56]} {[%emt 00:01:19]} Kxg7 {[%clk 00:34:29]} {[%emt
00:00:15]} 20. Qh6+ {[%clk 00:56:58]} {[%emt 00:00:19]} 1-0

[Event "DEM U10 2024"]
[Site "Willingen GER"]
[Date "2024.05.23"]
[Round "8"]
[White "Jüngling, Leonard"]
[Black "Chychkan, Pavlo"]
[Result "0-1"]
[Termination "normal"]
[Board "23"]
[WhiteElo "1446"]
[BlackElo "1323"]
[WhiteClock "01:11:07"]
[BlackClock "01:11:14"]
[PlyCount "36"]
[WhiteFideId "34669116"]
[BlackFideId "533001758"]
[EventCountry "GER"]
[EventRounds "11"]
[EventType "swiss"]
[EventDate "2024.05.18"]

1. e4 {[%clk 01:15:59]} e5 {[%clk 01:15:54]} {[%emt 00:00:07]} 2. Nc3 {[%clk
01:16:25]} {[%emt 00:00:04]} Nf6 {[%clk 01:16:17]} {[%emt 00:00:07]} 3. f4
{[%clk 01:16:48]} {[%emt 00:00:06]} exf4 {[%clk 01:16:38]} {[%emt 00:00:09]} 4.
Nf3 {[%clk 01:17:07]} {[%emt 00:00:10]} Nh5 {[%clk 01:15:48]} {[%emt 00:01:20]}
5. d4 {[%clk 01:17:21]} {[%emt 00:00:16]} g5 {[%clk 01:15:56]} {[%emt
00:00:23]} 6. g3 {[%clk 01:17:17]} {[%emt 00:00:34]} fxg3 {[%clk 01:15:56]}
{[%emt 00:00:30]} 7. Bxg5 {[%clk 01:16:57]} {[%emt 00:00:49]} Be7 {[%clk
01:16:02]} {[%emt 00:00:25]} 8. Bxe7 {[%clk 01:16:38]} {[%emt 00:00:49]} Qxe7
{[%clk 01:16:15]} {[%emt 00:00:17]} 9. Bc4 {[%clk 01:15:53]} {[%emt 00:01:15]}
d6 {[%clk 01:14:42]} {[%emt 00:02:04]} 10. Qe2 {[%clk 01:15:09]} {[%emt
00:01:14]} Nc6 {[%clk 01:14:26]} {[%emt 00:00:45]} 11. O-O-O {[%clk 01:15:05]}
{[%emt 00:00:34]} a6 {[%clk 01:14:42]} {[%emt 00:00:15]} 12. d5 {[%clk
01:15:05]} {[%emt 00:00:29]} Ne5 {[%clk 01:14:05]} {[%emt 00:01:05]} 13. Nxe5
{[%clk 01:15:20]} {[%emt 00:00:17]} Qxe5 {[%clk 01:14:17]} {[%emt 00:00:18]}
14. Rdf1 {[%clk 01:12:32]} {[%emt 00:03:17]} Nf4 {[%clk 01:14:01]} {[%emt
00:00:46]} 15. Qf3 {[%clk 01:10:42]} {[%emt 00:02:21]} g2 {[%clk 01:13:30]}
{[%emt 00:01:01]} 16. Qxf4 {[%clk 01:10:46]} {[%emt 00:00:26]} Qxf4+ {[%clk
01:13:45]} {[%emt 00:00:15]} 17. Rxf4 {[%clk 01:11:07]} {[%emt 00:00:09]}
gxh1=Q+ {[%emt 00:00:18]} 18. Nd1 {[%emt 00:00:12]} Bd7 {[%clk 01:11:14]}
{[%emt 00:02:31]} 0-1

[Event "DEM U10 2024"]
[Site "Willingen GER"]
[Date "2024.05.23"]
[Round "8"]
[White "Egert, Niilo"]
[Black "Romberg, Moritz"]
[Result "1/2-1/2"]
[Termination "normal"]
[Board "24"]
[WhiteElo "1105"]
[BlackElo "1054"]
[WhiteClock "00:50:56"]
[BlackClock "00:40:03"]
[PlyCount "54"]
[WhiteFideId "533001774"]
[BlackFideId "34676600"]
[EventCountry "GER"]
[EventRounds "11"]
[EventType "swiss"]
[EventDate "2024.05.18"]

1. e4 {[%clk 01:15:54]} {[%emt 00:00:05]} e6 {[%clk 01:15:57]} {[%emt
00:00:04]} 2. d4 {[%clk 01:15:46]} {[%emt 00:00:37]} d5 {[%clk 01:16:21]}
{[%emt 00:00:06]} 3. exd5 {[%clk 01:15:52]} {[%emt 00:00:25]} exd5 {[%clk
01:16:43]} {[%emt 00:00:09]} 4. Bd3 {[%clk 01:15:12]} {[%emt 00:01:08]} Nf6
{[%clk 01:16:54]} {[%emt 00:00:19]} 5. Bf4 {[%clk 01:14:48]} {[%emt 00:00:55]}
Nc6 {[%clk 01:16:43]} {[%emt 00:00:41]} 6. c3 {[%clk 01:14:20]} {[%emt
00:00:58]} Be7 {[%clk 01:16:33]} {[%emt 00:00:40]} 7. Nf3 {[%clk 01:13:53]}
{[%emt 00:00:56]} O-O {[%clk 01:16:17]} {[%emt 00:00:46]} 8. O-O {[%clk
01:13:20]} {[%emt 00:01:04]} Bg4 {[%clk 01:15:30]} {[%emt 00:01:16]} 9. Nbd2
{[%clk 01:12:36]} {[%emt 00:01:15]} Nh5 {[%clk 01:13:48]} {[%emt 00:02:11]} 10.
Be3 {[%clk 01:11:15]} {[%emt 00:01:51]} Qd6 {[%clk 01:06:29]} {[%emt 00:07:50]}
11. h3 {[%clk 01:11:06]} {[%emt 00:00:38]} Bxf3 {[%clk 01:06:04]} {[%emt
00:00:55]} 12. Nxf3 {[%clk 01:11:11]} {[%emt 00:00:25]} Rad8 {[%clk 01:05:50]}
{[%emt 00:00:44]} 13. Re1 {[%clk 01:07:26]} {[%emt 00:04:15]} Nf4 {[%clk
01:03:09]} {[%emt 00:03:11]} 14. Bc2 {[%clk 01:05:44]} {[%emt 00:02:13]} Rfe8
{[%clk 01:03:03]} {[%emt 00:00:36]} 15. Bxf4 {[%clk 01:05:18]} {[%emt
00:00:55]} Qxf4 {[%clk 00:58:09]} {[%emt 00:05:24]} 16. Qd3 {[%clk 01:04:37]}
{[%emt 00:01:12]} g6 {[%clk 00:56:54]} {[%emt 00:01:45]} 17. g3 {[%clk
01:03:03]} {[%emt 00:02:03]} Qf6 {[%clk 00:56:27]} {[%emt 00:00:57]} 18. Kg2
{[%clk 01:02:38]} {[%emt 00:00:55]} a6 {[%clk 00:54:28]} {[%emt 00:02:29]} 19.
Re3 {[%clk 01:00:24]} {[%emt 00:02:45]} Bd6 {[%clk 00:50:30]} {[%emt 00:04:28]}
20. Rae1 {[%clk 00:59:57]} {[%emt 00:00:56]} Re7 {[%clk 00:50:08]} {[%emt
00:00:52]} 21. Nh2 {[%clk 00:59:13]} {[%emt 00:01:13]} Rxe3 {[%clk 00:48:21]}
{[%emt 00:02:18]} 22. Rxe3 {[%clk 00:58:34]} {[%emt 00:01:10]} Ne7 {[%clk
00:43:23]} {[%emt 00:05:29]} 23. Ng4 {[%clk 00:58:05]} {[%emt 00:00:58]} Qg7
{[%clk 00:43:10]} {[%emt 00:00:42]} 24. f4 {[%clk 00:55:29]} {[%emt 00:03:07]}
Nf5 {[%clk 00:40:55]} {[%emt 00:02:44]} 25. Rf3 {[%clk 00:55:12]} {[%emt
00:00:48]} f6 {[%clk 00:40:46]} {[%emt 00:00:40]} 26. Bb3 {[%clk 00:53:33]}
{[%emt 00:02:08]} c6 {[%clk 00:40:33]} {[%emt 00:00:43]} 27. c4 {[%clk
00:50:56]} {[%emt 00:03:06]} Bc7 {[%clk 00:40:03]} {[%emt 00:01:01]} 1/2-1/2

[Event "DEM U10 2024"]
[Site "Willingen GER"]
[Date "2024.05.23"]
[Round "8"]
[White "Köbel, John"]
[Black "Jung, Michael"]
[Result "0-1"]
[Termination "normal"]
[Board "25"]
[WhiteElo "1110"]
[BlackElo "1363"]
[WhiteClock "01:01:20"]
[BlackClock "01:12:44"]
[PlyCount "66"]
[WhiteFideId "34641394"]
[BlackFideId "34673873"]
[EventCountry "GER"]
[EventRounds "11"]
[EventType "swiss"]
[EventDate "2024.05.18"]

1. d4 {[%clk 01:15:56]} {[%emt 00:00:03]} d5 {[%clk 01:15:49]} {[%emt
00:00:11]} 2. Nc3 {[%clk 01:16:22]} {[%emt 00:00:05]} Nf6 {[%clk 01:16:15]}
{[%emt 00:00:04]} 3. Bf4 {[%clk 01:16:46]} {[%emt 00:00:07]} c5 {[%clk
01:16:37]} {[%emt 00:00:07]} 4. e3 {[%clk 01:16:46]} {[%emt 00:00:30]} a6
{[%clk 01:16:58]} {[%emt 00:00:09]} 5. Nf3 {[%clk 01:16:45]} {[%emt 00:00:30]}
Bg4 {[%clk 01:17:02]} {[%emt 00:00:27]} 6. h3 {[%clk 01:17:01]} {[%emt
00:00:14]} Bxf3 {[%clk 01:17:23]} {[%emt 00:00:08]} 7. Qxf3 {[%clk 01:17:09]}
{[%emt 00:00:23]} cxd4 {[%clk 01:17:45]} {[%emt 00:00:07]} 8. exd4 {[%clk
01:17:26]} {[%emt 00:00:13]} Nc6 {[%clk 01:18:05]} {[%emt 00:00:10]} 9. O-O-O
{[%clk 01:14:04]} {[%emt 00:03:53]} e6 {[%clk 01:14:42]} {[%emt 00:03:53]} 10.
Be2 {[%clk 01:11:44]} {[%emt 00:02:49]} b5 {[%clk 01:14:51]} {[%emt 00:00:21]}
11. Rhe1 {[%clk 01:11:19]} {[%emt 00:00:55]} Bd6 {[%clk 01:15:09]} {[%emt
00:00:13]} 12. Bxd6 {[%clk 01:11:28]} {[%emt 00:00:22]} Qxd6 {[%clk 01:15:28]}
{[%emt 00:00:11]} 13. g3 {[%clk 01:03:47]} {[%emt 00:08:10]} b4 {[%clk
01:14:10]} {[%emt 00:01:47]} 14. Na4 {[%clk 01:03:53]} {[%emt 00:00:24]} O-O
{[%clk 01:12:52]} {[%emt 00:01:50]} 15. b3 {[%clk 01:04:01]} {[%emt 00:00:22]}
e5 {[%clk 01:12:48]} {[%emt 00:00:33]} 16. dxe5 {[%clk 01:03:47]} {[%emt
00:00:43]} Qxe5 {[%clk 01:13:02]} {[%emt 00:00:17]} 17. Kb1 {[%clk 01:03:57]}
{[%emt 00:00:20]} Nd4 {[%clk 01:12:40]} {[%emt 00:00:52]} 18. Qg2 {[%clk
01:03:29]} {[%emt 00:00:57]} Nxe2 {[%emt 00:00:23]} 19. Qf1 {[%clk 01:01:57]}
{[%emt 00:01:49]} Nc3+ {[%clk 01:13:03]} {[%emt 00:00:28]} 20. Nxc3 {[%clk
01:02:20]} {[%emt 00:00:07]} Qxc3 {[%clk 01:13:23]} {[%emt 00:00:10]} 21. Rd3
{[%clk 01:02:39]} {[%emt 00:00:12]} Qc6 {[%clk 01:13:18]} {[%emt 00:00:34]} 22.
Red1 {[%clk 01:02:09]} {[%emt 00:01:00]} Rac8 {[%clk 01:13:13]} {[%emt
00:00:34]} 23. Qe2 {[%clk 01:01:44]} {[%emt 00:00:55]} Ne4 {[%clk 01:10:10]}
{[%emt 00:03:34]} 24. Qe3 {[%clk 00:59:28]} {[%emt 00:02:46]} Nc3+ {[%clk
01:10:09]} {[%emt 00:00:31]} 25. Rxc3 {[%clk 00:59:53]} {[%emt 00:00:05]} Qxc3
{[%clk 01:10:31]} {[%emt 00:00:08]} 26. Qxc3 {[%clk 01:00:12]} {[%emt
00:00:10]} Rxc3 {[%clk 01:10:53]} {[%emt 00:00:08]} 27. Rxd5 {[%clk 01:00:37]}
{[%emt 00:00:05]} h6 {[%clk 01:11:13]} {[%emt 00:00:10]} 28. Ra5 {[%clk
01:00:54]} {[%emt 00:00:14]} Re8 {[%clk 01:11:28]} {[%emt 00:00:15]} 29. Rxa6
{[%clk 01:01:03]} {[%emt 00:00:21]} Re1+ {[%clk 01:11:49]} {[%emt 00:00:09]}
30. Kb2 {[%clk 01:01:25]} {[%emt 00:00:08]} Re2 {[%clk 01:12:12]} {[%emt
00:00:07]} 31. Kc1 {[%clk 01:01:10]} {[%emt 00:00:45]} Rcxc2+ {[%clk 01:12:14]}
{[%emt 00:00:28]} 32. Kb1 {[%clk 01:01:08]} {[%emt 00:00:32]} Rxf2 {[%clk
01:12:20]} {[%emt 00:00:24]} 33. Ra4 {[%clk 01:01:20]} {[%emt 00:00:17]} Rce2
{[%clk 01:12:44]} {[%emt 00:00:06]} 0-1

[Event "DEM U10 2024"]
[Site "Willingen GER"]
[Date "2024.05.23"]
[Round "8"]
[White "Löffelholz, Jonas"]
[Black "Dutta, Nikhil"]
[Result "1-0"]
[Termination "normal"]
[Board "28"]
[WhiteElo "1126"]
[BlackElo "1283"]
[WhiteClock "00:30:44"]
[BlackClock "00:48:37"]
[PlyCount "87"]
[WhiteFideId "34616101"]
[BlackFideId "34665501"]
[EventCountry "GER"]
[EventRounds "11"]
[EventType "swiss"]
[EventDate "2024.05.18"]

1. e4 {[%clk 01:15:59]} c6 {[%clk 01:15:55]} {[%emt 00:00:06]} 2. d4 {[%clk
01:16:22]} {[%emt 00:00:05]} d5 {[%clk 01:16:22]} {[%emt 00:00:04]} 3. exd5
{[%clk 01:16:43]} {[%emt 00:00:09]} cxd5 {[%clk 01:16:45]} {[%emt 00:00:07]} 4.
Bd3 {[%clk 01:17:05]} {[%emt 00:00:07]} Nc6 {[%clk 01:17:00]} {[%emt 00:00:16]}
5. c3 {[%clk 01:17:23]} {[%emt 00:00:11]} Nf6 {[%clk 01:16:52]} {[%emt
00:00:39]} 6. Bf4 {[%clk 01:17:33]} {[%emt 00:00:20]} Qb6 {[%clk 01:16:45]}
{[%emt 00:00:38]} 7. Qc2 {[%clk 01:15:49]} {[%emt 00:02:13]} Bd7 {[%clk
01:16:58]} {[%emt 00:00:17]} 8. Nd2 {[%clk 01:16:07]} {[%emt 00:00:12]} Rc8
{[%clk 01:17:14]} {[%emt 00:00:14]} 9. Qb3 {[%clk 01:15:36]} {[%emt 00:01:01]}
Qxb3 {[%emt 00:00:48]} 10. Nxb3 {[%clk 01:15:45]} {[%emt 00:00:18]} e6 {[%clk
01:17:15]} {[%emt 00:00:14]} 11. Nf3 {[%clk 01:15:51]} {[%emt 00:00:24]} Be7
{[%clk 01:17:10]} {[%emt 00:00:35]} 12. O-O {[%clk 01:16:07]} {[%emt 00:00:14]}
a6 {[%clk 01:17:30]} {[%emt 00:00:10]} 13. Rae1 {[%clk 01:15:47]} {[%emt
00:00:50]} O-O {[%clk 01:16:52]} {[%emt 00:01:09]} 14. Nc5 {[%clk 01:07:20]}
{[%emt 00:08:56]} Bxc5 {[%clk 01:14:42]} {[%emt 00:02:40]} 15. dxc5 {[%clk
01:07:39]} {[%emt 00:00:11]} Rfd8 {[%clk 01:08:21]} {[%emt 00:06:50]} 16. Bg5
{[%clk 01:07:05]} {[%emt 00:01:05]} Be8 {[%clk 01:06:17]} {[%emt 00:02:34]} 17.
Nd4 {[%clk 00:54:56]} {[%emt 00:12:39]} Ne7 {[%clk 01:04:09]} {[%emt 00:02:38]}
18. b4 {[%clk 00:53:10]} {[%emt 00:02:16]} b6 {[%clk 01:02:56]} {[%emt
00:01:43]} 19. Bxa6 {[%clk 00:52:44]} {[%emt 00:00:55]} Ra8 {[%clk 01:03:15]}
{[%emt 00:00:12]} 20. Bd3 {[%clk 00:37:52]} {[%emt 00:15:22]} bxc5 {[%clk
01:03:18]} {[%emt 00:00:27]} 21. bxc5 {[%clk 00:37:23]} {[%emt 00:00:59]} Rxa2
{[%emt 00:01:03]} 22. Ra1 Rda8 {[%clk 01:02:18]} {[%emt 00:00:26]} 23. Rxa2
{[%clk 00:36:47]} {[%emt 00:01:07]} Rxa2 {[%clk 01:02:41]} {[%emt 00:00:07]}
24. c4 {[%clk 00:36:54]} {[%emt 00:00:24]} dxc4 {[%clk 01:01:40]} {[%emt
00:01:30]} 25. Bxc4 {[%clk 00:36:16]} {[%emt 00:01:08]} Ra4 {[%clk 00:59:40]}
{[%emt 00:02:30]} 26. Rc1 {[%clk 00:31:35]} {[%emt 00:05:11]} Ng6 {[%clk
00:57:10]} {[%emt 00:03:00]} 27. Bxf6 {[%clk 00:30:14]} {[%emt 00:01:51]} gxf6
{[%clk 00:57:31]} {[%emt 00:00:08]} 28. Bb5 {[%clk 00:29:44]} {[%emt 00:01:01]}
Bxb5 {[%clk 00:57:49]} {[%emt 00:00:12]} 29. Nxb5 {[%clk 00:30:06]} {[%emt
00:00:07]} Ne7 {[%clk 00:56:49]} {[%emt 00:01:31]} 30. h3 {[%clk 00:30:16]}
{[%emt 00:00:20]} f5 {[%clk 00:54:28]} {[%emt 00:02:51]} 31. c6 {[%clk
00:30:39]} {[%emt 00:00:06]} Nc8 {[%clk 00:54:50]} {[%emt 00:00:09]} 32. c7
{[%clk 00:30:41]} {[%emt 00:00:29]} f6 {[%clk 00:54:27]} {[%emt 00:00:52]} 33.
Rd1 {[%clk 00:30:52]} {[%emt 00:00:19]} Kg7 {[%clk 00:48:03]} {[%emt 00:06:55]}
34. Rd8 {[%clk 00:29:47]} {[%emt 00:01:34]} Ra1+ {[%clk 00:48:05]} {[%emt
00:00:27]} 35. Kh2 {[%clk 00:30:10]} {[%emt 00:00:07]} Ra2 {[%clk 00:47:28]}
{[%emt 00:01:07]} 36. Rxc8 {[%clk 00:30:26]} {[%emt 00:00:15]} Rc2 {[%clk
00:47:27]} {[%emt 00:00:31]} 37. Rd8 {[%clk 00:30:27]} {[%emt 00:00:29]} e5
{[%clk 00:47:05]} {[%emt 00:00:52]} 38. c8=Q {[%clk 00:29:34]} {[%emt
00:01:24]} Rxc8 {[%clk 00:47:21]} 39. Rxc8 {[%clk 00:30:00]} {[%emt 00:00:18]}
f4 {[%clk 00:47:44]} {[%emt 00:00:07]} 40. g3 {[%clk 00:29:51]} {[%emt
00:00:37]} f3 {[%clk 00:47:39]} {[%emt 00:00:36]} 41. Nd6 {[%clk 00:30:14]}
{[%emt 00:00:07]} Kg6 {[%clk 00:47:55]} {[%emt 00:00:13]} 42. Rg8+ {[%clk
00:30:32]} {[%emt 00:00:12]} Kh6 {[%clk 00:48:16]} {[%emt 00:00:08]} 43. Nf5+
{[%clk 00:30:50]} {[%emt 00:00:14]} Kh5 {[%clk 00:48:37]} {[%emt 00:00:09]} 44.
g4# {[%clk 00:30:44]} {[%emt 00:00:06]} 1-0